Quizzes
Events
Quiz Creation
Community
Videos
Private Events
Remove Ads
Sign In
Join for FREE
Feedback
Dark Mode
Quiz Categories
Sports
Geography
Music
Movies
Television
Just For Fun
Miscellaneous
History
Literature
Language
Science
Gaming
Entertainment
Religion
Holiday
For Kids
Quiz Lab
Recent
Popular Today
Quiz Kudos Today
Editor Picks
Curator Picks
Quizzes by...
Day
Popularity
Type
Ratings
Length
Year
Community
Subscriptions
Recent Discussions
Orange Saloon
Badges
Playlists
Quests
Create
Leaderboards
Showdown
Live 5
Trivia Bingo
Activity
Puzzle Library
Sporcle Events
Private Events
Virtual Trivia
Globe League
Become a Host
Pub Owners
SporcleCon
Opinionation
Our Games
Videos
Blog
Mobile Apps
Partnerships
Remove Ads and Go Orange
Feedback
Geography
Country
Landmarks
City
State
Population
World
Capital
Continent
Flags
Europe
Africa
Asia
South America
North America
Oceania
Border
Canada
United Kingdom
Topography
United States
Geography
Country
Landmarks
City
State
Population
World
Capital
Continent
Flags
Europe
Africa
Asia
South America
North America
Oceania
Border
Canada
United Kingdom
Topography
United States
Random Quiz
Search Sporcle
×
Quiz Lab
Quiz Lab
Geography
Topography
Type in answers that appear in a list
Type in answers that appear in a list
Classic
Best Score? Go Orange.
46 Highest Adirondack Mountains Stats
Can you name the 46 Highest Adirondack Mountains?
By
BoomKing
10m
46 Questions
988 Plays
988 Plays
988 Plays
Comments
Comments
Give Quiz Kudos
Give Quiz Kudos
-
- Ratings
hide this ad
More Info
Replay
Link that replays current quiz
Next Quiz
Link to next quiz in quiz playlist
You Got
0%
They Got
Avg Score
81%
Avg Friend Score
Upgrade to see
Score Distribution
Jump to the score distribution portion of the page
Score
0/46
Timer
10:00
0
Plays Today
Elevation
Name
% Correct
5344
Marcy
99.3%
5114
Algonquin
96.5%
4867
Whiteface
96%
4960
Haystack
92.2%
4857
Dix
91.2%
4627
Giant
90.8%
4714
Gothics
89.5%
4098
Cascade
89%
4926
Skylight
88.2%
4840
Iroquois
87.7%
4175
Lower Wolf Jaw
87.5%
4620
Nippletop
87.3%
4185
Upper Wolf Jaw
87.1%
4059
Porter
86.4%
4736
Colden
86.2%
4012
East Dix
85.2%
4580
Wright
84.7%
4060
South Dix
84.3%
4240
Esther
83%
4161
Phelps
82.7%
3895
Nye
82%
4840
Gray
81.8%
4607
Santanoni
81.7%
Elevation
Name
% Correct
4420
Rocky Peak
81.1%
4240
Big Slide
80.8%
4057
Colvin
80.3%
4427
Tabletop
79.6%
4827
Basin
79.3%
4400
Armstrong
78.6%
4166
Street
77.6%
4606
Redfield
77.2%
4340
Allen
76.6%
4020
Dial
76.5%
4515
Saddleback
76.1%
4405
Macomb
75.4%
3960
Blake
75.2%
3820
Couchsachraga
74.7%
4361
Seward
74.4%
4100
Sawteeth
74.2%
4442
Panther
74.1%
4400
Hough
73.9%
4360
Marshall
73.6%
4040
Emmons
73.2%
4140
Donaldson
71.3%
3960
Cliff
70.3%
4120
Seymour
68.4%
Quiz Playlist
Details
Report
Send in Message
Add To Playlist
More Info:
Name the traditional 46 highest peaks in the Adirondack Mountains of northern New York State.
Classic:
Type in answers that appear in a list
Quiz Source
Last Updated: Feb 16, 2017
Quiz Scoreboard
CHALLENGE
Sign Up to Join the Scoreboard
Show All
Scores
Hide
Comments
May contain spoilers
Recently Published
9x9 Crossword: Cartoon Network
by jackfrog10
Miscellaneous
3m
College Basketball Coaching Resumes
by pancakes188
Sports
9m
Billboard Blitz: Fleetwood Mac
by CooCooCachoo
Music
15s
More to Explore
Quiz From the Vault
Featured Blog Post
Where Did the Easter Bunny Come From?
hide this ad
You Might Also Like...
Tags
Topography Quiz
Adirondack Mountains
Elevation
highest
mountains
Today's Top Quizzes in Geography
Browse Geography
hide this ad
Today's Top Quizzes in Topography
Browse Topography
Top Contributed Quizzes in Geography
1
Countries of the World - No Outlines Minefield
2
Top 25 Cities of France on a map
3
Any capital of a 'B' country per Continent
4
Any capital of a 'C' country per Continent
5
Closest Countries to UK A-Z
6
Any capital of a 'D' country per Continent
7
5-to-1: US Geography No Hints
8
Any capital of an 'E' country per Continent
9
Find the US States - No Outlines
10
Any capital of an 'F' country per Continent
Explore More
Trending Topics
Anime
Marvel
Harry Potter
Crossword
Disney
Kpop
NBA
The Office
Song
Pokémon
Soccer
NFL
Country
WWE
Puzzle
hide this ad
More By:
BoomKing
Quiz
Plays
Rating
Category
Featured
Created
46 Highest Adirondack Mountains
988
5.00
Geography
Dec 23, 2009
Red Sox All-Time Offensive Leaders
511
3.40
Sports
Dec 22, 2009
All-time Red Sox Strikeout Leaders
306
4.75
Sports
Dec 24, 2009
Map Names in Classic and Ultimate Doom
91
Gaming
Dec 22, 2009
Go to Creator's Profile
Score Distribution
Quiz Creator Spotlight
BoomKing
Follow
Send a Message
Quizzes Created
-
Created Quiz Play Count
-
More By This Creator
Popular Quizzes Today
1
Find the US States - No Outlines Minefield
2
Find the Countries of Europe - No Outlines Minefield
3
The Countries of the World
4
Find the US States
5
Risky Map Clicking: Biggest States A-Z
6
US States
7
Popular People in 1961
8
Movies - When Are They Set?
More Geography Quizzes
Coffee Producing Countries
Published
Trending Quizzes
Risky Map Clicking: Least Populous States A-Z
1-10 Letter G Words
1-10 Letter F Words
Risky Map Clicking: Next State Alphabetically
Adjectives in 80s TV Shows
Recently Updated
Leaping Animals
pecheneg
Reality TV Shows (A-Z)
bhenderson79
Rickey Henderson's Hall of Fame Teammates
pecheneg
Champions League XIs: Arsenal
pecheneg
Quick Pick: Celebrities in WWE's Hall of Fame
aduchscher
A-Z Keypad Blitz II
pecheneg
Multiple Oscar Actors
pecheneg
Mystery Phrase Blitz: Oscar 'Best Actors'
pecheneg
F. Scott Fitzgerald Novels
LTH
Pick 3 Villains
ddd62291
Trending Topics
Kpop
Disney
Harry Potter
Anime
Marvel
NBA
Crossword
NFL
Song
Country
The Office
Puzzle
Pokémon
Soccer
WWE
Your Account Isn't Verified!
In order to create a playlist on Sporcle, you need to verify the email address you used during registration. Go to your
Sporcle Settings
to finish the process.
Report this User
Report this user for behavior that violates our
Community Guidelines
.
Details:
Send Report
Go to the Sporcle.com Mobile Site →
Comments